书目信息 |
| 题名: |
论吴冠中
|
|
| 作者: | 何冰 , 翟墨 主编 | |
| 分册: | ||
| 出版信息: | 南宁 广西美术出版社 1999 |
|
| 页数: | 307页 | |
| 开本: | 18cm | |
| 丛书名: | ||
| 单 册: | ||
| 中图分类: | J206.2 | |
| 科图分类: | ||
| 主题词: | ||
| 电子资源: | ||
| ISBN: | 7-80625-740-3 | |
| 000 | 00677nam0 22002297 4550 | |
| 001 | 192004004009 | |
| 005 | 20070905101143.90 | |
| 010 | @a7-80625-740-3@dCNY50.00 | |
| 100 | @a20070602d1999 ekmy0chiy0121 ea | |
| 101 | 0 | @achi |
| 102 | @aCN@b450000 | |
| 105 | @aa z 000yy | |
| 200 | 1 | @a论吴冠中@Alun wu guan zhong@e吴冠中研究文选@f主编何冰, 翟墨 |
| 210 | @a南宁@c广西美术出版社@d1999 | |
| 215 | @a307页@c图@d18cm | |
| 330 | @a本书主要内容分为上下两编: 上编 综论、下编 分论。 | |
| 600 | 0 | @a吴冠中@Awu guan zhong@x绘画@x美术批评 |
| 690 | @aJ206.2@v4 | |
| 701 | 0 | @a何冰@Ahe bing@4主编 |
| 701 | 0 | @a翟墨@Azhai mo@4主编 |
| 801 | 0 | @aCN@c20070905 |
| 905 | @dJ206.2@eH162 | |
| 论吴冠中:吴冠中研究文选/主编何冰, 翟墨.-南宁:广西美术出版社,1999 |
| 307页:图;18cm |
| ISBN 7-80625-740-3:CNY50.00 |
| 本书主要内容分为上下两编: 上编 综论、下编 分论。 |
| ● |
| 相关链接 |
|
|
|
正题名:论吴冠中
索取号:J206.2/H162
 
预约/预借
| 序号 | 登录号 | 条形码 | 馆藏地/架位号 | 状态 | 备注 |
| 1 | 625594 | 206255942 | 社科库309/309社科库 67排3列2层/ [索取号:J206.2/H162] | 在馆 | |
| 2 | 625595 | 206255951 | 社科库309/309社科库 67排3列2层/ [索取号:J206.2/H162] | 在馆 |